Statystyki dla Kształty państw afrykańskich

Kliknij tutaj aby rozwiązać quiz!

Ogólne statystyki

  • Ten quiz został rozwiązany 633 razy
  • Średni wynik to 33 z 54

Statystyki odpowiedzi

Odpowiedź% Poprawnych
Egipt
99%
Maroko
95%
Somalia
89%
Republika Południowej Afryki
88%
Algieria
87%
Libia
87%
Namibia
85%
Demokratyczna Republika Konga
82%
Mali
81%
Kamerun
77%
Mozambik
77%
Angola
76%
Madagaskar
74%
Benin
73%
Czad
73%
Gambia
71%
Etiopia
70%
Zambia
70%
Sudan
69%
Gwinea Równikowa
68%
Mauritius
68%
Erytrea
67%
Senegal
67%
Togo
67%
Republika Zielonego Przylądka
66%
Malawi
65%
Niger
60%
Wyspy Świętego Tomasza i Książeca
60%
Nigeria
58%
Tunezja
58%
Mauretania
55%
Republika Środkowoafrykańska
55%
Ghana
54%
Zimbabwe
54%
Komory
53%
Seszele
52%
Botswana
50%
Gwinea
48%
Burkina Faso
46%
Tanzania
46%
Liberia
45%
Gwinea Bissau
44%
Sudan Południowy
44%
Gabon
42%
Wybrzeże Kości Słoniowej
42%
Kongo
41%
Sierra Leone
40%
Uganda
39%
Kenia
38%
Eswatini
36%
Lesotho
36%
Burundi
33%
Dżibuti
31%
Rwanda
23%

Rozkład punktacji

Percentyl według liczby udzielonych odpowiedzi

Procent ludzi z każdym wynikiem

Twoja historia wyników

Nie rozwiązałeś tego quizu